Ne olacak ? Ne yapmalıyız ? (Record no. 10760)

MARC details
000 -BAŞLIK
Sabit Uzunlukta Kontrol Alanı 00756na a2200265 4500
001 - KONTROL NUMARASI
Denetim Alanı 24240
003 - KONTROL NUMARASI IDENTIFIER
Denetim Alanı MIRAKIL
005 - SON İŞLEM TARİHİ VE ZAMANI
Denetim Alanı 20181213155332.0
008 - SABİT-BOY VERİ ELEMANLARI - GENEL BİLGİLER
Sabit Uzunlukta Kontrol Alanı 180706b tu 000 0
020 ## - ULUSLARARASI STANDART KİTAP NUMARASI
Uluslararası Standart Kitap Numarası 9789754949575
040 ## - KATALOGLAMA KAYNAK
Orijinal Kataloglama Ajansı Milas
Kataloglama Dili tur
Metne Dönüştürmek Ajansı TR-AnCHP
041 ## - DİL KODU
Metin / Ses Parça Veya Ayrı Başlığın Dil Kodu tur
082 ## - DEWEY ONLU SINIFLANDIRMA NUMARASI
Sınıflandırma Numarası 320.9561
Ürün Numarası I74n 2001
090 ## - SINIFLAMA NUMARASI
Sınıflama Numarası 320.9561 I74n 2001
100 ## - ANA GİRİŞ - KİŞİSEL İSİM
Kişisel Ad Çelebi, Işın
245 ## - BAŞLIK TABLOSU
Başlık Ne olacak ? Ne yapmalıyız ?
Sorumluluk Tablosu, Vb Işın Çelebi
250 ## - EDITION TABLOSU
Baskı Beyanı 2. bs.
260 ## - YAYIN, DAĞITIM, VB
Yayın, Dağıtım, Vb Yeri Ankara
Yayıncı, Dağıtıcı, Vs Adı Bilgi Yayınevi
Yayın, Dağıtım, Vb Tarihi 2001
300 ## - FİZİKSEL TANIM
Kapsam 438 s.
Diğer Fiziksel Ayrıntıları tbl. , grf.
Boyutlar 19 sm.
440 ## - SERİSİ TABLOSU / KATMA GİRİŞİ - BAŞLIK
Başlık Bilgi Yayınları/Bilgi Dizisi
Hacim / Ardışık Tanımı 136
500 ## - GENEL NOT
Genel Not Yapıt yazarından imzalıdır.
504 ## - KAYNAKÇA VB NOT
Kaynakça Vb Notu Kaynakça var.
650 ## - KONU KATMA GİRİŞ - TOPİKAL DÖNEM
Topikal Süreli Veya Coğrafi Ad Giriş Elemanı Siyaset ve yönetim
Genel Alt Bölümü Türkiye
Kronolojik Alt Bölümü 20. yüzyıl
942 ## - EKLENDİ GİRİŞ ELEMANLARI (KOHA)
Sınıflandırma Veya Raf Düzeni Kaynak Dewey Decimal Classification
Koha Öğesi Türü Books
999 ## - SİSTEM KONTROL NUMARALARI (KOHA)
Koha Biblionumber 10760
Koha Biblioitemnumber 10760
Holdings
Kalıcı Konum Mevcut Konum Edinme Tarihi Edinim Kaynak Toplam Check-Out'Lar Tam Çağrı Numarası Barkod Tarih Son Görülme İtibaren Geçerli Fiyatlar Koha Öğesi Türü
CHP Kütüphanesi CHP Kütüphanesi 07/06/2018 Bağış   320.9561 I74n 2001 018250 07/06/2018 07/06/2018 Books
CHP Kütüphanesi CHP Kütüphanesi 03/15/2022     320.9561 I74n 2001 020348 03/15/2022 03/15/2022 Books